<?xml version="1.0" encoding="UTF-8"?><?xml-stylesheet type="text/xsl" href="static/style.xsl"?><OAI-PMH xmlns="http://www.openarchives.org/OAI/2.0/" xmlns:xsi="http://www.w3.org/2001/XMLSchema-instance" xsi:schemaLocation="http://www.openarchives.org/OAI/2.0/ http://www.openarchives.org/OAI/2.0/OAI-PMH.xsd"><responseDate>2026-06-03T05:28:10Z</responseDate><request verb="GetRecord" identifier="oai:riuma.uma.es:10630/24044" metadataPrefix="marc">https://riuma.uma.es/rest/oai/request</request><GetRecord><record><header><identifier>oai:riuma.uma.es:10630/24044</identifier><datestamp>2026-02-03T12:08:25Z</datestamp><setSpec>com_10630_2254</setSpec><setSpec>col_10630_37959</setSpec></header><metadata><record xmlns="http://www.loc.gov/MARC21/slim" xmlns:dcterms="http://purl.org/dc/terms/" xmlns:doc="http://www.lyncode.com/xoai" xmlns:xsi="http://www.w3.org/2001/XMLSchema-instance" xsi:schemaLocation="http://www.loc.gov/MARC21/slim http://www.loc.gov/standards/marcxml/schema/MARC21slim.xsd">
   <leader>00925njm 22002777a 4500</leader>
   <datafield ind2=" " ind1=" " tag="042">
      <subfield code="a">dc</subfield>
   </datafield>
   <datafield ind2=" " ind1=" " tag="720">
      <subfield code="a">Torres-Liñán, Javier</subfield>
      <subfield code="e">author</subfield>
   </datafield>
   <datafield ind2=" " ind1=" " tag="720">
      <subfield code="a">Ruiz-Rosas, Ramiro Rafael</subfield>
      <subfield code="e">author</subfield>
   </datafield>
   <datafield ind2=" " ind1=" " tag="720">
      <subfield code="a">Rodríguez-Mirasol, José</subfield>
      <subfield code="e">author</subfield>
   </datafield>
   <datafield ind2=" " ind1=" " tag="720">
      <subfield code="a">Cordero-Alcántara, Tomás</subfield>
      <subfield code="e">author</subfield>
   </datafield>
   <datafield ind2=" " ind1=" " tag="720">
      <subfield code="a">Rosas-Martínez, Juana María</subfield>
      <subfield code="e">author</subfield>
   </datafield>
   <datafield ind2=" " ind1=" " tag="260">
      <subfield code="c">2022-04-27</subfield>
   </datafield>
   <datafield ind2=" " ind1=" " tag="520">
      <subfield code="a">El dimetil éter es un sustituto del diésel que puede producirse de forma sostenible mediante deshidratación de metanol obtenido por gasificación de biomasa. Los catalizadores usados en este proceso sufren una desactivación muy intensa por coque. Estudiar la cinética del proceso de desactivación en condiciones severas es necesario para escoger condiciones de operación adecuadas y desarrollar catalizadores más estables.&#xd;
En este trabajo se ha desarrollado un estudio cinético completo de la reacción de deshidratación metanol sobre un catalizador de zirconio soportado en un carbón activado con H3PO4 a temperaturas entre 450-550 ˚C y presencia de agua en la corriente. Los productos de reacción obtenidos fueron DME y en menor cantidad coque, metano y CO, observándose una desactivación gradual del catalizador. La formación de coque procede probablemente a través de un intermediario de formaldehido, y la presencia de agua no afecta al coque producido, pero reduce la formación de DME, al desplazar el equilibrio de reacción. En base a estos resultados, se desarrolló un modelo cinético tipo Langmuir-Hinshelwood, que incluye una función de desactivación dependiente del coque formado. El modelo cinético predice correctamente los rendimientos a los principales productos y el coque formado con el tiempo de reacción.</subfield>
   </datafield>
   <datafield ind1="8" ind2=" " tag="024">
      <subfield code="a">https://hdl.handle.net/10630/24044</subfield>
   </datafield>
   <datafield tag="653" ind2=" " ind1=" ">
      <subfield code="a">Cinética química</subfield>
   </datafield>
   <datafield tag="653" ind2=" " ind1=" ">
      <subfield code="a">Eteres</subfield>
   </datafield>
   <datafield tag="653" ind2=" " ind1=" ">
      <subfield code="a">Catalizadores</subfield>
   </datafield>
   <datafield tag="653" ind2=" " ind1=" ">
      <subfield code="a">Ingeniería química</subfield>
   </datafield>
   <datafield tag="653" ind2=" " ind1=" ">
      <subfield code="a">Carbón activado</subfield>
   </datafield>
   <datafield ind2="0" ind1="0" tag="245">
      <subfield code="a">Estudio cinético de la desactivación de un catalizador de zirconio y fósforo sobre carbón activado en la reacción de metanol a dimetileter</subfield>
   </datafield>
</record>
</metadata></record></GetRecord></OAI-PMH>